Motor vehicle pollution reduction strategies beyond 2010

Gespeichert in:
Bibliographische Detailangaben
Format: Buch
Sprache:Englisch
Veröffentlicht: Paris OECD 1995
Schlagworte:
Tags: Tag hinzufügen
Keine Tags, Fügen Sie das erste Tag hinzu!

MARC

LEADER 00000nam a2200000 4500
001 c120162
005 20221123112601.6
020 |a 92-64-14312-2 
041 0 |a eng 
044 |a FR 
245 1 0 |a Motor vehicle pollution  |b reduction strategies beyond 2010 
264 1 |a Paris  |b OECD  |c 1995 
300 |a 133 s. 
610 2 0 |a znečistenie ovzdušia 
610 2 0 |a motorizmus 
610 2 0 |a automobily 
610 2 0 |a ochrana ovzdušia 
610 2 0 |a ochrana prostredia životného 
610 2 0 |a emisie 
610 2 0 |a kontrola technická 
610 2 0 |a doprava 
610 2 0 |a OECD